That Incredible Christian / (Record no. 6611)

MARC details
000 -LEADER
fixed length control field 00507nam a22001937a 4500
003 - CONTROL NUMBER IDENTIFIER
control field GBCCL
005 - DATE AND TIME OF LATEST TRANSACTION
control field 20241126110607.0
008 - FIXED-LENGTH DATA ELEMENTS--GENERAL INFORMATION
fixed length control field 180521b ||||| |||| 00| 0 eng d
040 ## - CATALOGING SOURCE
Transcribing agency gbc
082 ## - DEWEY DECIMAL CLASSIFICATION NUMBER
Classification number 248
Item number TOZ
100 ## - MAIN ENTRY--PERSONAL NAME
Personal name Tozer, A. W.
9 (RLIN) 7141
245 ## - TITLE STATEMENT
Title That Incredible Christian /
Statement of responsibility, etc. A. W. Tozer
250 ## - EDITION STATEMENT
Edition statement 3rd Asian ed.
260 ## - PUBLICATION, DISTRIBUTION, ETC.
Name of publisher, distributor, etc. Alliance Publications,
Place of publication, distribution, etc. Maharashtra:
Date of publication, distribution, etc. 1975
300 ## - PHYSICAL DESCRIPTION
Extent 136 p.;
Dimensions 17 cm.
650 ## - SUBJECT ADDED ENTRY--TOPICAL TERM
Topical term or geographic name entry element Christian life
9 (RLIN) 183
650 ## - SUBJECT ADDED ENTRY--TOPICAL TERM
Topical term or geographic name entry element Spiritual life
9 (RLIN) 447
942 ## - ADDED ENTRY ELEMENTS (KOHA)
Source of classification or shelving scheme Dewey Decimal Classification
Koha item type Books
Holdings
Withdrawn status Lost status Source of classification or shelving scheme Damaged status Not for loan Home library Current Library Shelving location Date acquired Total checkouts Full call number Barcode Date last seen Copy number Price effective from Koha item type
    Dewey Decimal Classification     GRACE BIBLE COLLEGE GRACE BIBLE COLLEGE Ministry & Mission 2018-05-21   248 TOZ 002087 2025-05-01 c.1 2018-05-21 Books
© Grace Bible College Library 2025